| 000 | 00382nam a2200157Ia 4500 | ||
|---|---|---|---|
| 008 | 230917s9999||||xx |||||||||||||| ||und|| | ||
| 020 | _cPON13.99 | ||
| 040 |
_e23110 _aMAIN |
||
| 041 | _aEnglish | ||
| 082 | _a301.045 D935D | ||
| 100 | _aDurkheim, Emile | ||
| 245 | 0 | _aDivision of labour in society | |
| 260 |
_aLondon _bMacmillan _c1984 |
||
| 300 | _axxxii, 345 p. | ||
| 942 | _cBK | ||
| 999 |
_c86102 _d86102 |
||